000 00795nam a2200241 a 4500
001 BRCA_2236
005 20190320203726.0
008 960808s1996 mx-a---##b---#000-0#spa-#
020 _a9686932461
040 _aDLC
_cDLC
_dDLC
050 4 _aNA757.M4
_b.T38 1996
100 1 _aTavares López, Edgar.
_96720
245 1 0 _aColonia Roma
_cEdgar Tavares López ; prólogo de Guillermo Tovar de Teresa.
260 _aMéxico
_bClío
_c1996.
300 _a183 p.
_bil. (algunas a color)
_c30 cm.
500 _aIncluye glosario
504 _aBibliografía: p. 180-183.
650 1 4 _aEclecticismo en arquitectura
_zMéxico
_93919
650 1 4 _aArquitectura
_zMéxico
_9596
651 4 _aColonia Roma
_zMéxico
_96721
651 4 _aCiudad de México
_xEdificios, estructuras, etc.
_91264
942 _2lcc
_cB
999 _c1987
_d1987